| 000 | 01406nam2a22002651 4500 | ||
|---|---|---|---|
| 001 | rc\2210053 | ||
| 005 | 20110829165932.8 | ||
| 035 | _a(NLR Aleph) 006619248 | ||
| 090 |
_a7431568 _c7431568 |
||
| 100 | _a20110829d1978 |||y0rusy50 ca | ||
| 101 | 0 | _arus | |
| 102 | _aRU | ||
| 105 | _ay z ||||| | ||
| 200 | 1 |
_aСоциалистическое воспроизводство _aПерерастание социализма в коммунизм _aЗакономерности развития мировой социалистической системы хозяйства _f[Принимали участие В.Ф. Быков, Я.М. Жуковский, Л.А. Кодышев и др.] |
|
| 210 | _d1978 | ||
| 215 | _a326 с. | ||
| 461 | 0 |
_1001rc\2210052 _12001#$aПолитическая экономия$e[Учеб. пособие$eВ 4 т.$fПод общ. ред. Г.А. Козлова]$vТ. 4 _97431562 _cМосква _d1978- _e2-е изд., перераб. и доп. _fПод общ. ред. Г.А. Козлова] _nМысль _o[Учеб. пособие : В 4 т. _tПолитическая экономия _vТ. 4 |
|
| 702 | 1 |
_aЖуковский _bЯ. М. _4220 |
|
| 702 | 1 |
_aКадышев _bЛ. А. _4220 |
|
| 702 | 1 |
_aБыков _bВ. Ф. _gВиталий Федорович _4220 |
|
| 801 | 0 |
_aRU _bNLR _gpsbo |
|
| 801 | 1 |
_aRU _bELAR _2rusmarc |
|
| 852 |
_aNLR _j78-5/3787 |
||
| 942 | _cBOOK | ||
| 980 | _aNB | ||